Chaloupky zasněžené

Korporativní autor: Březovská desítka (hudební skupina)
Další autoři: Lipold, Jan, 1941-, Homolková, Olga, 1956-2015, Slivanský, Bohumil, Thums, Josef, 1933-, Žid, Josef, 1971-, Salčák, Vladimír, 1936-2013, Bulka, Antonín, 1944-, Zmrzlý, Jan, 1931-, Kuře, Jiří, Ložek, Jiří, Doško, Ada, 1937-1999
Jazyk: Čeština
Vydáno: Praha : Vaško Music, p2004
Témata:
Fyzický popis: 1 zvuková kazeta (51:37) : analog, stereo, Dolby systém + 1 leták (10 x 21 cm)
Vydáno také na kompaktní desce ; VM 0147-2
Zvukové nahrávky
Uloženo v:
LEADER 02305njm a2200517 a 4500
001 000808885
003 CZ BrMZK
005 20060220105701.0
007 ss lsnjlcmpnze
008 060117s2004 xr mu g cze d
028 0 0 |a VM 0147-4  |b Vaško Music 
040 |a BOA001  |b cze 
047 |a df  |a wz 
048 |a of01  |b vu 
072 7 |a 784  |x Vokální hudba  |2 Konspekt  |9 9 
080 |a 785.12  |2 MRF 
080 |a (086.7)  |2 MRF 
080 |a 784.9.085.2  |2 MRF 
110 2 |a Březovská desítka (hudební skupina)  |7 ko2004251323 
245 1 0 |a Chaloupky zasněžené  |h [zvukový záznam] 
260 |a Praha :  |b Vaško Music,  |c p2004 
300 |a 1 zvuková kazeta (51:37) :  |b analog, stereo, Dolby systém +  |e 1 leták (10 x 21 cm) 
306 |a 005137 
505 0 0 |t Jablíčka již dozrávají --  |t Chaloupky zasněžené --  |t Křídlovákům sólo --  |t Kam se půjdem projít --  |t Mámě --  |t Chodskému kraji --  |t Pampelišková --  |t Krajinou snů --  |t Vy hvězdičky --  |t Znám jednu dívenku --  |t Annenská polka --  |t Toníčkova sousedská --  |t Napsal jsem píseň --  |t Polka Opus 60 --  |t Už se černé vlásky 
511 0 |a Zpívají: Olga a Jiří Homolkovi. Hraje Březovská desítka 
518 |a Nahráno v sále Kina Březová u Sokolova a ve studiu Stříbrná, červen, srpen 2004 
530 |a Vydáno také na kompaktní desce ;  |d VM 0147-2 
650 0 7 |a dechová hudba  |7 ph119353  |2 czenas 
650 0 7 |a polky (zpěv, dechový orchestr)  |7 ph321605  |2 czenas 
650 0 4 |a valčíky (zpěv 
655 7 |a zvukové kazety  |7 fd186720  |2 czenas 
700 1 |a Lipold, Jan,  |d 1941-  |7 mzk2007411261  |4 cmp 
700 1 |a Homolková, Olga,  |d 1956-2015  |7 jx20050919011  |4 sng  |4 lyr 
700 1 |a Slivanský, Bohumil  |4 cmp 
700 1 |a Thums, Josef,  |d 1933-  |7 mzk2007382151  |4 cmp 
700 1 |a Žid, Josef,  |d 1971-  |7 mzk2007378210  |4 cmp 
700 1 |a Salčák, Vladimír,  |d 1936-2013  |7 ola2003167582  |4 lyr 
700 1 |a Bulka, Antonín,  |d 1944-  |7 xx0003785  |4 cmp 
700 1 |a Zmrzlý, Jan,  |d 1931-  |7 mzk2007411264  |4 cmp 
700 1 |a Kuře, Jiří  |4 lyr 
700 1 |a Ložek, Jiří  |4 lyr 
700 1 |a Doško, Ada,  |d 1937-1999  |7 xx0006100  |4 cmp 
910 |a BOA001  |b KZ-0012.970 
990 |a AV 
991 |b 200602 
996 6 |b 261H014259  |c KZ-0012.970  |l MZK  |r Sklad / do 24 hodin  |n 0  |w 000808885  |u 000010  |a 1  |e BOA001  |j MZK50  |s P